00591nam a2200169 a 450000500170000000800410001702000180005805000220007610000180009824500510011626000280016730000090019552000730020465000130027799900190029095201120030920140412111326.0110105s19uu xx 00 eng d a1-57255-621-8 aTR(PS EbSo5 1999 aEvans, Lezlie aSometimes I Feel like a storm /cLezlie Evans. aNY :bMondo pub,c1999. aunp. aA Childs describes how it fells to experience a variety of emotions. aEmotions c104648d104648 001040aELbELcTRd2011-01-05eLib. Fundl0oTR(PS E So5 1999pE8407r2014-04-12 00:00:00w2014-04-12yBK